[Event "Jm KP1 24-25 Lipovec A - Duras Brno B"]
[Site "?"]
[Date "2024.10.20"]
[Round "4.8"]
[White "Borkovec, Ondrej"]
[Black "Flasar, Jan"]
[Result "1/2-1/2"]
[WhiteElo "1783"]
[BlackElo "1690"]
[PlyCount "264"]

1. d4 d5 2. c4 e6 3. Nf3 Nf6 4. g3 dxc4 5. Bg2 c5 6. Qa4+ Bd7 7. Qxc4 Nc6 8.
dxc5 Qa5+ 9. Nbd2 Qxc5 10. O-O Be7 11. Qxc5 Bxc5 12. Nc4 O-O 13. Rd1 Rfd8 14.
Nd6 Be8 15. Bf4 e5 16. Nxb7 Rxd1+ 17. Rxd1 Bxf2+ 18. Kxf2 exf4 19. gxf4 Rb8 20.
Nc5 Rxb2 21. Rd2 Rb5 22. Nd4 Rxc5 23. Nxc6 Rxc6 24. Bxc6 Bxc6 25. Rd8+ Ne8 26.
Rc8 Bb5 27. Ra8 a6 28. a4 Bxa4 29. Rxa6 Bb3 30. Ra8 Kf8 31. Ra7 g6 32. Rb7 Be6
33. Ra7 Nf6 34. Kg3 Kg7 35. Ra5 h5 36. Ra7 Kh6 37. Ra5 Bg4 38. Ra7 Kg7 39. Ra2
Ne4+ 40. Kg2 Nc3 41. Rc2 Nxe2 42. Rc4 Be6 43. Rb4 Nc3 44. Kg3 Nd5 45. Ra4 Ne3
46. Kf2 Nf5 47. Kf3 Bd5+ 48. Kf2 Kh6 49. Ra5 Be6 50. Ra4 h4 51. Kf3 Kh5 52. Ra5
h3 53. Rc5 Kh4 54. Ra5 Nd4+ 55. Ke3 Nb3 56. Rb5 Kg4 57. Rg5+ Kh4 58. Rb5 Nc1
59. Rc5 Na2 60. Ra5 Nc3 61. Kf3 Nd5 62. Ra8 Nf6 63. Rh8+ Nh5 64. Rd8 Bg4+ 65.
Ke3 Ng7 66. Rh8+ Bh5 67. Ra8 Nf5+ 68. Kf2 Kg4 69. Ra4 f6 70. Rb4 g5 71. fxg5+
Kxg5 72. Ra4 Bg4 73. Ra6 Nd4 74. Ra4 Nf3 75. Kg3 f5 76. Ra5 Nd2 77. Kf2 Ne4+
78. Ke3 Nc3 79. Ra1 Nd1+ 80. Kd2 Kf4 81. Ra3 Nf2 82. Ke1 Ne4 83. Rb3 Ng5 84.
Kf2 Nf3 85. Rb4+ Kg5 86. Kg3 Nd2 87. Kf2 Ne4+ 88. Ke3 Kh4 89. Kf4 Kh5 90. Rb2
Nc3 91. Rc2 Ne2+ 92. Ke3 f4+ 93. Kf2 Nd4 94. Rc4 Nf3 95. Rxf4 Ng5 96. Kg3 Ne6
97. Rxg4 Ng5 98. Ra4 Kg6 99. Kg4 Nh7 100. Kxh3 Nf6 101. Kh4 Kf5 102. h3 Kg6
103. Ra5 Kh6 104. Kg3 Kg6 105. Kf4 Nh5+ 106. Ke4 Nf6+ 107. Ke5 Nh5 108. h4 Ng3
109. Ke6 Nh5 110. Rg5+ Kh6 111. Kf7 Nf4 112. Rg8 Kh5 113. Rh8+ Kg4 114. Rh7 Nh5
115. Rh8 Nf4 116. Kf6 Nh5+ 117. Ke5 Ng3 118. Rh7 Nh5 119. Rh6 Ng3 120. Kf6 Nh5+
121. Kg6 Nf4+ 122. Kf7 Nh5 123. Rh8 Nf4 124. Rh7 Nh5 125. Kg6 Nf4+ 126. Kf6
Nh5+ 127. Ke5 Ng3 128. Rh6 Nh5 129. Rh8 Ng3 130. h5 Nxh5 131. Rg8+ Kf3 132. Rg6
Ng3 1/2-1/2

[Event "Jm KP I 24-25 Orechov-Veseli"]
[Site "?"]
[Date "2024.10.20"]
[Round "5.1"]
[White "Danada, Tomas"]
[Black "Hudecek, Jan"]
[Result "1/2-1/2"]
[WhiteElo "2175"]
[BlackElo "2165"]
[PlyCount "35"]

1. d4 Nf6 2. Nf3 d5 3. c4 e6 4. Nc3 dxc4 5. e4 b5 6. e5 Nd5 7. Nxb5 Nb6 8. Be2
Nc6 9. O-O Be7 10. Qd2 Bb7 11. Qf4 a6 12. Nc3 g5 13. Qe4 Qd7 14. Rd1 O-O-O 15.
Be3 Nb4 16. Qb1 N4d5 17. Bd2 Nxc3 18. Bxc3 1/2-1/2

[Event "Jm KP I 24-25 Orechov-Veseli"]
[Site "?"]
[Date "2024.10.20"]
[Round "5.2"]
[White "Skalka, Jan"]
[Black "Lakatos, Tomas"]
[Result "1-0"]
[WhiteElo "1974"]
[BlackElo "2075"]
[PlyCount "88"]

1. c4 d6 2. g3 e5 3. Bg2 c6 4. Nc3 Nf6 5. e4 Be7 6. Nge2 Bg4 7. d3 Nbd7 8. Be3
O-O 9. O-O Bh5 10. h3 Qc7 11. Qd2 Rfe8 12. Rac1 Rad8 13. b3 Bf8 14. f4 Qb8 15.
f5 Bxe2 16. Qxe2 b5 17. g4 h6 18. h4 bxc4 19. bxc4 h5 20. g5 Ng4 21. Bf3 Nxe3
22. Qxe3 g6 23. Kh1 Nc5 24. f6 Ne6 25. Ne2 Qc8 26. Bg2 Qa6 27. Rc2 Qa5 28. Rd1
Rb8 29. Bh3 Nf4 30. Bd7 Rec8 31. Bxc8 Nxe2 32. Qxe2 Rxc8 33. Qd2 Qa3 34. Qe1
Qc5 35. Rcd2 Rb8 36. Kg2 Rb7 37. Kf3 Rd7 38. Qe3 Qa5 39. c5 d5 40. exd5 Bxc5
41. Qxe5 Rd8 42. d6 Qb4 43. Qe4 Qc3 44. d7 Qb4 1-0

[Event "Jm KP I 24-25 Orechov-Veseli"]
[Site "?"]
[Date "2024.10.20"]
[Round "5.3"]
[White "Rehurek, Lukas"]
[Black "Krizek, Frantisek"]
[Result "1-0"]
[WhiteElo "2107"]
[BlackElo "1929"]
[PlyCount "79"]

1. e4 c6 2. d4 d5 3. e5 Bf5 4. Nf3 e6 5. Be2 Nd7 6. O-O Ne7 7. Nbd2 Ng6 8. Re1
c5 9. Nb3 c4 10. Nbd2 b5 11. h3 Ne7 12. c3 Nc6 13. b3 Be7 14. a4 b4 15. Bb2
cxb3 16. Nxb3 O-O 17. c4 dxc4 18. Bxc4 Na5 19. Bb5 Nxb3 20. Qxb3 a5 21. Rac1
Nb6 22. Rc6 Rc8 23. Rxc8 Qxc8 24. Rc1 Qd8 25. Bc6 h6 26. Ne1 Nd5 27. Nd3 Bxd3
28. Qxd3 Nf4 29. Qe4 Nd5 30. f4 g6 31. g4 Nxf4 32. Qxf4 Bg5 33. Qe4 Bxc1 34.
Bxc1 Kg7 35. d5 exd5 36. Bxd5 Qh4 37. Kg2 Re8 38. Bb2 Qe7 39. e6+ f6 40. h4 1-0

[Event "Jm KP I 24-25 Orechov-Veseli"]
[Site "?"]
[Date "2024.10.20"]
[Round "5.4"]
[White "Vrtal, Jaroslav"]
[Black "Messerschmidt, Stanislav"]
[Result "1-0"]
[WhiteElo "1941"]
[BlackElo "1963"]
[PlyCount "49"]

1. d4 e5 2. dxe5 d6 3. Nf3 Nc6 4. Bg5 f6 5. exf6 Nxf6 6. g3 Be7 7. Bg2 O-O 8.
O-O Qe8 9. Nc3 Bd7 10. Nd5 Nxd5 11. Qxd5+ Kh8 12. Qd2 Qg6 13. Bxe7 Nxe7 14. Nd4
c6 15. c4 Rae8 16. e4 a6 17. Rad1 Ng8 18. b3 h5 19. h4 Bg4 20. f3 Bd7 21. Qg5
Qh7 22. Rf2 Re5 23. Qe3 Ra5 24. a4 g5 25. Qc3 1-0

[Event "Jm KP I 24-25 Orechov-Veseli"]
[Site "?"]
[Date "2024.10.20"]
[Round "5.5"]
[White "Kubat, Pavel"]
[Black "Klenner, Richard"]
[Result "1-0"]
[WhiteElo "1929"]
[BlackElo "1968"]
[PlyCount "95"]

1. d4 Nf6 2. Nf3 d6 3. g3 Nbd7 4. Bg2 e5 5. dxe5 dxe5 6. O-O Be7 7. b3 c6 8.
Bb2 Qc7 9. Nbd2 Nd5 10. Nc4 f6 11. Nh4 N5b6 12. e4 O-O 13. Nf5 Nc5 14. Nxe7+
Qxe7 15. Qe2 Be6 16. Ne3 Rfd8 17. a4 Na6 18. a5 Nd7 19. Ba3 Qe8 20. Nc4 Bxc4
21. Qxc4+ Qf7 22. Qc3 Nf8 23. Rfd1 Ne6 24. Bf1 Nac7 25. Qb4 Nd4 26. Qxb7 Rdb8
27. Bc4 Rxb7 28. Bxf7+ Kxf7 29. c3 Nc2 30. Rd7+ Kg6 31. Ra2 Nxa3 32. Rxa3 a6
33. f4 exf4 34. gxf4 Rab8 35. Ra2 Ne8 36. Rg2+ Kh6 37. Rd3 g6 38. Rgg3 Rxb3 39.
Rh3+ Kg7 40. Rd7+ Kg8 41. Rdxh7 Ng7 42. R7h6 Ra3 43. Rh8+ Kf7 44. Rxb8 Rxa5 45.
Rb7+ Kg8 46. Rd3 Rb5 47. Rd8+ Kh7 48. Ra7 1-0

[Event "Jm KP I 24-25 Orechov-Veseli"]
[Site "?"]
[Date "2024.10.21"]
[Round "5.6"]
[White "Skalka, Michal"]
[Black "Kubicek, Pavel"]
[Result "1-0"]
[WhiteElo "1916"]
[BlackElo "1941"]
[PlyCount "49"]

1. e4 e6 2. d4 d5 3. exd5 exd5 4. Bd3 Nf6 5. Nf3 Bg4 6. O-O Be7 7. h3 Bh5 8.
Bf4 O-O 9. Nbd2 Nbd7 10. c3 Re8 11. Qb3 b6 12. Bb5 a6 13. Bc6 Ra7 14. Ne5 Bd6
15. Nxd7 Bxf4 16. Nxf6+ gxf6 17. Bxe8 Bxd2 18. Bc6 Be2 19. Rfb1 Bc4 20. Qc2 Bh6
21. Qf5 a5 22. Re1 Bf8 23. Qg4+ Kh8 24. Re8 Qd6 25. Rae1 1-0

[Event "Jm KP I 24-25 Orechov-Veseli"]
[Site "?"]
[Date "2024.10.20"]
[Round "5.7"]
[White "Paral, Stanislav"]
[Black "Pistek, Jan"]
[Result "1/2-1/2"]
[WhiteElo "1981"]
[BlackElo "1875"]
[PlyCount "123"]

1. e4 c5 2. f4 e6 3. Nf3 Nc6 4. Bb5 d6 5. Nc3 Bd7 6. O-O Nf6 7. d3 Be7 8. Bd2
O-O 9. b3 a6 10. Bxc6 Bxc6 11. Qe1 Qc7 12. Nd1 Rac8 13. Ne3 b5 14. f5 e5 15. c4
Qb7 16. g4 h6 17. Rb1 Nxe4 18. dxe4 Bxe4 19. Qe2 Bxb1 20. Rxb1 Qe4 21. Rc1 Rfe8
22. Kf2 Bg5 23. Nxg5 hxg5 24. Nd5 Qxe2+ 25. Kxe2 f6 26. Kf3 Kf7 27. h3 Rh8 28.
Kg2 b4 29. Rd1 a5 30. Be3 Rc6 31. Bf2 a4 32. Rd3 axb3 33. axb3 Ra8 34. h4 gxh4
35. Bxh4 Ra2+ 36. Kf3 Rh2 37. Bg3 Rb2 38. Ne3 Ra6 39. Nf1 Ke7 40. Ke4 Ra3 41.
Nd2 Raa2 42. Ke3 Ra1 43. Bf2 Ra3 44. Kf3 Raa2 45. Be3 Ra3 46. Ke4 Rc2 47. g5
Rc3 48. gxf6+ gxf6 49. Bf2 Rxd3 50. Kxd3 Kd7 51. Kc2 Ra2+ 52. Kc1 Kc6 53. Bh4
Ra1+ 54. Kb2 Rh1 55. Bxf6 Rh5 56. Be7 Rxf5 57. Ne4 Rf4 58. Nf6 Rf2+ 59. Kc1 Rf3
60. Kc2 Rf2+ 61. Kc1 Rf3 62. Kc2 1/2-1/2

[Event "Jm KP I 24-25 Orechov-Veseli"]
[Site "?"]
[Date "2024.10.20"]
[Round "5.8"]
[White "Uricar, Zdenek"]
[Black "Lakatos, Patrik"]
[Result "1-0"]
[WhiteElo "1891"]
[BlackElo "1886"]
[PlyCount "59"]

1. d4 Nf6 2. c4 g6 3. Nc3 Bg7 4. e4 d6 5. Nf3 O-O 6. Be2 Qe8 7. O-O e5 8. dxe5
dxe5 9. Be3 Qe7 10. h3 Rd8 11. Qb3 c6 12. Rfd1 Rxd1+ 13. Rxd1 Na6 14. Rd2 Nd7
15. Qd1 Nac5 16. b4 Ne6 17. b5 f5 18. bxc6 bxc6 19. Rb2 f4 20. Bc1 Ndc5 21. Rd2
g5 22. Ba3 h5 23. Nh2 h4 24. Bg4 Qf7 25. Bxc5 Nxc5 26. Rd8+ Kh7 27. Bxc8 Rxc8
28. Rxc8 Qxc4 29. Qh5+ Bh6 30. Rc7+ 1-0

[Event "Jm KP I 24-25 Univerzita B - Jundrov C"]
[Site "Brno, Ibsenova 2"]
[Date "2024.10.20"]
[Round "6.1"]
[White "Gajdos, Daniel"]
[Black "Bednar, Jakub"]
[Result "1/2-1/2"]
[WhiteElo "2101"]
[BlackElo "2182"]
[PlyCount "116"]

1. Nf3 Nf6 2. g3 d5 3. Bg2 c5 4. O-O Nc6 5. d4 e6 6. c4 dxc4 7. dxc5 Qxd1 8.
Rxd1 Bxc5 9. Nbd2 Ng4 10. Ne4 Be7 11. Nd4 Nxd4 12. Rxd4 Bd7 13. Nd6+ Bxd6 14.
Rxd6 Ke7 15. Rd4 e5 16. Rxc4 Rac8 17. b3 Rxc4 18. Ba3+ Kf6 19. bxc4 Rc8 20. Rd1
Be6 21. c5 Rc7 22. Rd6 Nh6 23. e4 Rd7 24. f4 g6 25. Rxd7 Bxd7 26. Bb2 Ng4 27.
h3 Ne3 28. Bxe5+ Ke7 29. Bf3 Bxh3 30. Bb8 Be6 31. Bxa7 Nc4 32. e5 Na5 33. Bb6
Nc6 34. a4 h5 35. Kf2 Kd7 36. Ke3 Kc8 37. Bd1 Kd7 38. Be2 Kc8 39. Bb5 Ne7 40.
a5 Nf5+ 41. Kf2 Bd5 42. a6 bxa6 43. Bxa6+ Kd7 44. Bb5+ Bc6 45. Bc4 Ke7 46. Bc7
Nd4 47. Bd6+ Ke8 48. Bc7 Ne6 49. Bb6 h4 50. gxh4 Nxf4 51. Kg3 Ne6 52. Kg4 Ke7
53. Bd3 Kd7 54. Ba7 Kc8 55. Bc4 Kb7 56. Bxe6 fxe6 57. Bb6 Be4 58. Kg5 Bf5
1/2-1/2

[Event "Jm KP I 24-25 Univerzita B - Jundrov C"]
[Site "Brno, Ibsenova 2"]
[Date "2024.10.20"]
[Round "6.2"]
[White "Ruzicka, Frantisek"]
[Black "Ibrahim, Emad Eldin"]
[Result "1/2-1/2"]
[WhiteElo "2024"]
[BlackElo "2020"]
[PlyCount "132"]

1. c4 Nf6 2. Nc3 c5 3. g3 g6 4. Bg2 Bg7 5. Nf3 O-O 6. O-O Nc6 7. d4 cxd4 8.
Nxd4 Qa5 9. Nc2 d6 10. e4 Bg4 11. Qd2 Ne5 12. Nd5 Qxd2 13. Nxe7+ Kh8 14. Bxd2
Nxc4 15. Bc3 Rae8 16. Nd5 Nxd5 17. exd5 Bxc3 18. bxc3 Nd2 19. Rfe1 Nf3+ 20.
Bxf3 Bxf3 21. Ne3 Re5 22. c4 Rfe8 23. Rab1 R8e7 24. Rb3 Re4 25. Rc1 Be2 26. Rb2
Bf3 27. a4 Rc7 28. a5 Kg7 29. Rc3 Rd4 30. Nf5+ gxf5 31. Rxf3 Rdxc4 32. Rfb3
R4c5 33. Rxb7 Rxb7 34. Rxb7 Rxa5 35. Rd7 Rxd5 36. Rxa7 Kf6 37. Kg2 Rd3 38. Ra8
d5 39. Kf1 Rd2 40. Rh8 d4 41. Ke1 Rb2 42. Rxh7 d3 43. Rh8 Re2+ 44. Kf1 Ke7 45.
Ra8 Rb2 46. Ra1 Ke6 47. Rd1 Rb3 48. h4 Kd5 49. Ra1 Kd4 50. h5 Kc3 51. Ke1 Rb2
52. h6 Re2+ 53. Kf1 Re6 54. Ra3+ Kc2 55. Ra2+ Kc1 56. Ra1+ Kb2 57. Ra8 Rxh6 58.
Ke1 Rh2 59. Kd2 Rxf2+ 60. Kxd3 Rf3+ 61. Kd4 f4 62. Ke4 Rxg3 63. Kxf4 Rg1 64.
Ke5 Rf1 65. Ra6 Re1+ 66. Kf6 Rf1+ 1/2-1/2

[Event "Jm KP I 24-25 Univerzita B - Jundrov C"]
[Site "Brno, Ibsenova 2"]
[Date "2024.10.20"]
[Round "6.3"]
[White "Kisa, Lubomir"]
[Black "Ruzicka, Martin"]
[Result "1-0"]
[WhiteElo "2160"]
[BlackElo "1977"]
[PlyCount "97"]

1. d4 d5 2. Nf3 Nf6 3. Bf4 e6 4. c3 c5 5. e3 Nc6 6. Nbd2 Be7 7. h3 O-O 8. Be2
b6 9. Ne5 Nxe5 10. Bxe5 Bd6 11. f4 Be7 12. Bxf6 Bxf6 13. O-O Qc7 14. Bd3 g6 15.
Qf3 Bd7 16. g4 Kh8 17. Kg2 Rae8 18. Qg3 Be7 19. Nf3 f6 20. g5 f5 21. h4 Kg7 22.
h5 Rh8 23. Rh1 Bd6 24. Rh4 Reg8 25. hxg6 hxg6 26. Rah1 Qd8 27. Rh6 Qf8 28. Qh4
Rxh6 29. gxh6+ Kh8 30. Kf2 Be7 31. Ng5 Bxg5 32. fxg5 c4 33. Be2 Kh7 34. Qf4 Qb8
35. Kg3 e5 36. Qxe5 Qxe5+ 37. dxe5 Be6 38. Rd1 Rc8 39. Bf3 Rd8 40. e4 fxe4 41.
Bxe4 b5 42. Bf3 b4 43. Bg4 Bxg4 44. Kxg4 bxc3 45. bxc3 d4 46. cxd4 c3 47. Kf3
Rf8+ 48. Ke3 Rf5 49. e6 1-0

[Event "Jm KP I 24-25 Univerzita B - Jundrov C"]
[Site "Brno, Ibsenova 2"]
[Date "2024.10.20"]
[Round "6.4"]
[White "Sipek, Oldrich"]
[Black "Moulis, Mojmir"]
[Result "0-1"]
[WhiteElo "1928"]
[BlackElo "2025"]
[PlyCount "36"]

1. e4 d6 2. d4 Nf6 3. Nc3 Nbd7 4. Be3 e5 5. d5 Be7 6. Bd3 c6 7. dxc6 bxc6 8.
Nge2 O-O 9. f4 Ng4 10. Qd2 Nxe3 11. Qxe3 exf4 12. Nxf4 Ne5 13. O-O-O Qa5 14.
Qd4 Rb8 15. Qa4 Qb6 16. Nfe2 Bg5+ 17. Rd2 Qxb2+ 18. Kd1 Qa1+ 0-1

[Event "Jm KP I 24-25 Univerzita B - Jundrov C"]
[Site "Brno, Ibsenova 2"]
[Date "2024.10.20"]
[Round "6.5"]
[White "Hladik, Josef"]
[Black "Tioka, Zdenek"]
[Result "1/2-1/2"]
[WhiteElo "2003"]
[BlackElo "1919"]
[PlyCount "28"]

1. e4 d6 2. d4 Nf6 3. Nc3 g6 4. Nf3 Bg7 5. Be2 O-O 6. O-O c6 7. a4 a5 8. h3
Nbd7 9. Be3 Qc7 10. Qd2 Re8 11. Rad1 e5 12. dxe5 dxe5 13. Bc4 Nf8 14. Ng5 Ne6
1/2-1/2

[Event "Jm KP I 24-25 Univerzita B - Jundrov C"]
[Site "Brno, Ibsenova 2"]
[Date "2024.10.20"]
[Round "6.6"]
[White "Vojtek, Pevel"]
[Black "Tvrdy, Radovan"]
[Result "1-0"]
[WhiteElo "1916"]
[BlackElo "1840"]
[PlyCount "99"]

1. d4 d5 2. Nf3 e6 3. e3 c5 4. Bd3 Nf6 5. O-O cxd4 6. exd4 Be7 7. Nbd2 Nc6 8.
b3 O-O 9. Bb2 Nb4 10. Be2 Re8 11. Ne5 Bd7 12. a3 Nc6 13. f4 Bf8 14. Bd3 Ne7 15.
Qe2 Nf5 16. g4 Nd6 17. g5 Nfe4 18. Nxe4 Nxe4 19. Bxe4 dxe4 20. Qxe4 Rb8 21. Rf3
g6 22. Rh3 Bg7 23. Rd1 Bc6 24. Nxc6 bxc6 25. Qxc6 Qd5 26. Qxd5 exd5 27. Rf3 Re2
28. Rf2 Re4 29. f5 Rbe8 30. f6 Bf8 31. Kf1 Bd6 32. c4 Rg4 33. Re1 Kf8 34. Rxe8+
Kxe8 35. Rg2 Rh4 36. Re2+ Kd7 37. c5 Bf8 38. b4 h6 39. gxh6 Rxh6 40. Kg2 Rh5
41. Re5 a6 42. Kg3 Rxe5 43. dxe5 Ke6 44. Kg4 Bh6 45. Bd4 Kd7 46. a4 Kc6 47. h4
Bf8 48. Kg5 Kd7 49. b5 axb5 50. axb5 1-0

[Event "Jm KP I 24-25 Univerzita B - Jundrov C"]
[Site "Brno, Ibsenova 2"]
[Date "2024.10.20"]
[Round "6.8"]
[White "Svagr, Daniel"]
[Black "Dufek, Martin"]
[Result "0-1"]
[WhiteElo "1717"]
[BlackElo "1855"]
[PlyCount "58"]

1. d4 Nf6 2. c4 e6 3. g3 g6 4. Bg2 d5 5. Nd2 b6 6. Ngf3 Bb7 7. O-O Bg7 8. Qc2
O-O 9. Rd1 Qe7 10. b3 Rd8 11. Bb2 Nc6 12. a3 a5 13. e4 dxe4 14. Nxe4 Nxe4 15.
Qxe4 Rd7 16. Rd2 Nd8 17. Qe3 f6 18. Bh3 c6 19. Re1 Rd6 20. a4 c5 21. dxc5 Rxd2
22. Nxd2 e5 23. cxb6 Nf7 24. Qc3 Qc5 25. Qe3 Qc6 26. f3 Rd8 27. Ne4 Bf8 28. Bc3
f5 29. Nd2 Bc5 0-1

[Event "Jm KP I 24-25 Kurim A-Jundrov C"]
[Site "Kurim"]
[Date "2024.11.10"]
[Round "7.1"]
[White "Nemec, David"]
[Black "Bednar, Jakub"]
[Result "1/2-1/2"]
[WhiteElo "2074"]
[BlackElo "2166"]
[PlyCount "62"]

1. e4 c6 2. d4 d5 3. exd5 cxd5 4. c4 Nf6 5. Nc3 g6 6. h3 Bg7 7. Nf3 O-O 8. Be2
Nc6 9. O-O dxc4 10. Bxc4 Na5 11. Bd3 Be6 12. Qe2 Rc8 13. Re1 Nc6 14. a3 Nd5 15.
Be3 Nxc3 16. bxc3 Na5 17. Bd2 Nb3 18. Rab1 Nxd2 19. Qxd2 b6 20. Ne5 Qd6 21. Qb2
Rfd8 22. a4 Qc7 23. Ba6 Rb8 24. c4 Qd6 25. d5 Bc8 26. Bb5 Bb7 27. Qe2 Bxe5 28.
Qxe5 a6 29. Qxd6 Rxd6 30. c5 Rxd5 31. Bf1 Rd7 1/2-1/2

[Event "Jm KP I 24-25 Kurim A-Jundrov C"]
[Site "Kurim"]
[Date "2024.11.10"]
[Round "7.2"]
[White "Kuchar, Matej"]
[Black "Jordanov, Mihail"]
[Result "1/2-1/2"]
[WhiteElo "2022"]
[BlackElo "2195"]
[PlyCount "86"]

1. e4 e5 2. Nf3 Nc6 3. Bb5 a6 4. Ba4 Nf6 5. O-O Be7 6. Re1 b5 7. Bb3 d6 8. c3
O-O 9. h3 Na5 10. Bc2 c5 11. d4 Nd7 12. Nbd2 exd4 13. cxd4 Nc6 14. Nf1 Nxd4 15.
Nxd4 cxd4 16. Qxd4 Ne5 17. Qd1 Bb7 18. Ne3 Bf6 19. Bd2 Qb6 20. Bc3 b4 21. Bxe5
Bxe5 22. Nc4 Qc5 23. Nxe5 dxe5 24. Bb3 Rad8 25. Qf3 Rd4 26. Rac1 Qe7 27. Red1
Rfd8 28. Rxd4 Rxd4 29. Bd5 g6 30. Rd1 Bxd5 31. exd5 Qc5 32. Rxd4 Qxd4 33. Qe2
Qxd5 34. Qxa6 Qd2 35. b3 Kg7 36. Qb6 h5 37. Qc5 Qc3 38. Qd5 h4 39. Qd1 Qb2 40.
Qe1 Qd4 41. Qc1 Qc3 42. Qd1 Qc5 43. Qd2 Qc3 1/2-1/2

[Event "Jm KP I 24-25 Kurim A-Jundrov C"]
[Site "Kurim"]
[Date "2024.11.10"]
[Round "7.3"]
[White "Majer, Jiri"]
[Black "Svobodova, Michaela"]
[Result "1/2-1/2"]
[WhiteElo "2158"]
[BlackElo "1952"]
[PlyCount "69"]

1. d4 d5 2. Nf3 Nf6 3. g3 Bf5 4. Bg2 h6 5. O-O e6 6. c4 c6 7. Nc3 Be7 8. Qb3
Qb6 9. c5 Qxb3 10. axb3 Na6 11. Bf4 O-O 12. Ne5 g5 13. Bd2 Nc7 14. f3 Rfd8 15.
Na4 Nb5 16. Ba5 Re8 17. Bc3 Bc2 18. b4 Bd8 19. e3 Bc7 20. Rfc1 Bxa4 21. Rxa4
Rad8 22. Bf1 Nxc3 23. bxc3 a6 24. Bd3 Nd7 25. Nxd7 Rxd7 26. Ra2 e5 27. Bf5 Rde7
28. e4 Rd8 29. Rd1 Kg7 30. Re2 Kf6 31. Bg4 Ree8 32. Kf2 Kg6 33. Bf5+ Kf6 34.
Bg4 Kg6 35. Bf5+ 1/2-1/2

[Event "Jm KP I 24-25 Kurim A-Jundrov C"]
[Site "Kurim"]
[Date "2024.11.10"]
[Round "7.4"]
[White "Sipek, Oldrich"]
[Black "Petricek, Lukas"]
[Result "0-1"]
[WhiteElo "1914"]
[BlackElo "2064"]
[PlyCount "38"]

1. e4 c5 2. d4 cxd4 3. c3 g6 4. cxd4 d5 5. exd5 Nf6 6. Nc3 Bg7 7. Bc4 O-O 8.
Nf3 Nbd7 9. a4 Nb6 10. Qb3 Bf5 11. a5 Nxc4 12. Qxc4 Qc8 13. Qb3 Bd3 14. Ne5 Ba6
15. Be3 Ng4 16. Nf3 Rd8 17. Ra4 Qc7 18. Nb5 Bxb5 19. Qxb5 Nxe3 0-1

[Event "Jm KP I 24-25 Kurim A-Jundrov C"]
[Site "Kurim"]
[Date "2024.11.10"]
[Round "7.5"]
[White "Parak, Dominik"]
[Black "Rysanek, Jakub"]
[Result "1-0"]
[WhiteElo "2027"]
[BlackElo "1967"]
[PlyCount "49"]

1. e4 e5 2. Nf3 Nc6 3. Bb5 Nf6 4. O-O d6 5. Re1 Be7 6. c3 O-O 7. h3 a6 8. Ba4
b5 9. Bc2 h6 10. d3 Nh7 11. Nbd2 Ng5 12. Nxg5 Bxg5 13. Nf3 Bxc1 14. Rxc1 f5 15.
exf5 Bxf5 16. Bb3+ Kh8 17. Bd5 Qd7 18. d4 Rae8 19. dxe5 Nxe5 20. Nxe5 Rxe5 21.
Rxe5 dxe5 22. Bb3 Qe7 23. Qh5 Qf6 24. Qf3 Be6 25. Bxe6 1-0

[Event "Jm KP I 24-25 Kurim A-Jundrov C"]
[Site "Kurim"]
[Date "2024.11.10"]
[Round "7.6"]
[White "Vojtek, Pavel"]
[Black "Pavlik, Vladimir"]
[Result "1/2-1/2"]
[WhiteElo "1910"]
[BlackElo "1958"]
[PlyCount "79"]

1. d4 Nf6 2. Nf3 e6 3. e3 b6 4. Bd3 Bb7 5. O-O d6 6. b3 Nbd7 7. Bb2 g6 8. Nbd2
Qe7 9. Nc4 Bg7 10. Re1 Ne4 11. Nfd2 Nxd2 12. Qxd2 O-O 13. e4 e5 14. dxe5 Nxe5
15. Nxe5 Bxe5 16. Bxe5 Qxe5 17. Rad1 Rae8 18. Re3 Re7 19. Bc4 Rfe8 20. Bd5 Bxd5
21. exd5 Qb2 22. Rxe7 Rxe7 23. a4 a5 24. Kf1 Re5 25. g3 h5 26. Re1 h4 27. Rxe5
Qxe5 28. Qd3 h3 29. c3 Qg5 30. f4 Qg4 31. Kf2 Qd7 32. Kf3 f5 33. Qe2 Kf7 34.
Qf1 Qe7 35. Qxh3 Qe4+ 36. Kf2 Qc2+ 37. Kf1 Qd1+ 38. Kf2 Qd2+ 39. Kf1 Qd1+ 40.
Kf2 1/2-1/2

[Event "Jm KP I 24-25 Kurim A-Jundrov C"]
[Site "Kurim"]
[Date "2024.11.10"]
[Round "7.7"]
[White "Soucek, Andrej"]
[Black "Velim, Vojtech"]
[Result "1/2-1/2"]
[WhiteElo "1972"]
[BlackElo "1884"]
[PlyCount "110"]

1. d4 d5 2. c4 e6 3. g3 Nf6 4. Nf3 Be7 5. Bg2 O-O 6. O-O dxc4 7. Qc2 a6 8. a4
Bd7 9. Qxc4 Bc6 10. Bg5 Bd5 11. Qc2 h6 12. Bxf6 Bxf6 13. e3 a5 14. Nc3 Na6 15.
Nxd5 exd5 16. Qb3 Qd6 17. Ne5 Nb4 18. Nd3 c6 19. Nxb4 Qxb4 20. Qxb4 axb4 21.
Rfc1 Ra5 22. b3 Re8 23. Ra2 Kf8 24. Kf1 Ke7 25. Ke2 Kd6 26. Kd3 b6 27. e4 dxe4+
28. Bxe4 c5 29. dxc5+ Rxc5 30. Rxc5 Kxc5 31. a5 Rd8+ 32. Ke3 bxa5 33. Rxa5+ Kb6
34. Rd5 Be7 35. Rxd8 Bxd8 36. Bd5 Kc5 37. Bxf7 Kd6 38. Ke4 Ke7 39. Bc4 Kf6 40.
f4 g5 41. f5 Be7 42. Be6 Bf8 43. Kf3 Bg7 44. Ke4 Bf8 45. Kd5 Be7 46. Kc6 Bf8
47. Kd7 Bc5 48. Kc6 Bf8 49. Kd7 Bc5 50. Kc6 Bf8 51. Kd5 Be7 52. Kc4 Bf8 53. Kd5
Be7 54. Ke4 Bf8 55. Kd5 Be7 1/2-1/2

[Event "Jm KP I 24-25 Kurim A-Jundrov C"]
[Site "Kurim"]
[Date "2024.11.10"]
[Round "7.8"]
[White "Kala, Jakub"]
[Black "Habina, Martin"]
[Result "1-0"]
[WhiteElo "1958"]
[BlackElo "2009"]
[PlyCount "45"]

1. Nf3 d5 2. c4 e6 3. e3 Nf6 4. Nc3 Be7 5. b3 c5 6. Bb2 Nc6 7. cxd5 exd5 8. d4
O-O 9. Be2 b6 10. Ne5 Bb7 11. f4 cxd4 12. Nxc6 Bxc6 13. exd4 Rc8 14. O-O Ne4
15. Rc1 Qd7 16. Rf3 Rfe8 17. Rh3 f5 18. Nxe4 dxe4 19. Bc4+ Bd5 20. Qh5 h6 21.
Qg6 Kh8 22. Rcc3 Bxc4 23. Rxh6+ 1-0

[Event "Jm KP I 24-25 Veseli-Universita B"]
[Site "?"]
[Date "2024.11.10"]
[Round "8.1"]
[White "Uricar, Jakub"]
[Black "Gajdos, Daniel"]
[Result "1/2-1/2"]
[WhiteElo "2110"]
[BlackElo "2095"]
[PlyCount "20"]

1. e4 e5 2. Nc3 Nf6 3. g3 d5 4. exd5 Nxd5 5. Bg2 Nxc3 6. bxc3 Bd6 7. Qe2 O-O 8.
h4 Nd7 9. Nf3 Nf6 10. d3 h6 1/2-1/2

[Event "Jm KP I 24-25 Veseli-Universita B"]
[Site "?"]
[Date "2024.11.10"]
[Round "8.2"]
[White "Ibrahim Emad, Eldin"]
[Black "Hudecek, Jan"]
[Result "0-1"]
[WhiteElo "2031"]
[BlackElo "2165"]
[PlyCount "105"]

1. e4 c5 2. Nc3 Nc6 3. f4 g6 4. Nf3 Bg7 5. Bb5 Nd4 6. O-O Nxb5 7. Nxb5 d5 8.
exd5 a6 9. Nc3 Nf6 10. d4 Nxd5 11. dxc5 Nxc3 12. Qxd8+ Kxd8 13. bxc3 Bxc3 14.
Rb1 Kc7 15. Rb3 Bf6 16. Bd2 a5 17. Rb5 a4 18. Rfb1 Ra6 19. Ba5+ Kc6 20. Rb6+
Rxb6 21. Bxb6 Be6 22. Ne5+ Bxe5 23. fxe5 Bxa2 24. Ra1 Bd5 25. Rxa4 Kd7 26. Ra1
Ke6 27. c3 Rc8 28. Kf2 Bc6 29. g4 g5 30. Kg3 Kxe5 31. h4 gxh4+ 32. Kxh4 e6 33.
g5 f5 34. gxf6 Kxf6 35. Rf1+ Ke7 36. Re1 Bd5 37. Kg5 Kd7 38. Kh6 Re8 39. Kxh7
e5 40. Kg6 e4 41. Kf5 Kc6 42. Re3 Bc4 43. Kf4 Bd3 44. Rg3 Kb5 45. Ke3 Kc4 46.
Rg5 Re6 47. c6 Rxc6 48. Bd4 b5 49. Rh5 Ra6 50. Rc5+ Kb3 51. Rf5 Ra2 52. Rf8
Re2+ 53. Kf4 0-1

[Event "Jm KP I 24-25 Veseli-Universita B"]
[Site "?"]
[Date "2024.11.10"]
[Round "8.3"]
[White "Symersky, Petr"]
[Black "Jelinek, Ota"]
[Result "1/2-1/2"]
[WhiteElo "2079"]
[BlackElo "2031"]
[PlyCount "54"]
[EventDate "2024.??.??"]

1. Nf3 f5 2. d4 Nf6 3. c4 g6 4. g3 Bg7 5. Bg2 O-O 6. O-O d6 7. Nc3 c6 8. d5 Bd7
9. Nd4 Qb6 10. e3 Na6 11. Rb1 Nc5 12. b4 Nce4 13. Nce2 c5 14. Nc2 cxb4 15. Rxb4
Qc7 16. f3 Nc5 17. Ned4 Na6 18. Rb1 Qxc4 19. Rxb7 Rfb8 20. Rxb8+ Rxb8 21. e4
fxe4 22. fxe4 Nc5 23. e5 Bg4 24. Qd2 Nfe4 25. Qf4 dxe5 26. Qf7+ Kh8 27. Nc6 Rf8
1/2-1/2

[Event "Jm KP I 24-25 Veseli-Universita B"]
[Site "?"]
[Date "2024.11.10"]
[Round "8.5"]
[White "Travnicek, Petr"]
[Black "Uhmann, Jan"]
[Result "1-0"]
[WhiteElo "2083"]
[BlackElo "1970"]
[PlyCount "49"]
[EventDate "2024.??.??"]

1. d4 e6 2. c4 Bb4+ 3. Nc3 b6 4. Nf3 Bb7 5. e3 f5 6. Be2 Nf6 7. O-O Bxc3 8.
bxc3 Ne4 9. Qc2 g5 10. Ne5 g4 11. f3 gxf3 12. Bxf3 Qg5 13. Nd3 Nc6 14. Bxe4
fxe4 15. Nf4 Na5 16. c5 bxc5 17. Qa4 cxd4 18. Nxe6 Qe5 19. cxd4 Qxe6 20. Qxa5
Ba6 21. Rf4 O-O-O 22. Rb1 Rhg8 23. g3 Qc4 24. Bd2 Qd3 25. Qb4 1-0